Assistance to Ukrainian war refugees in Central Europe (2022-2024)

Titel: Assistance to Ukrainian war refugees in Central Europe (2022-2024) / Małgorzata Dziekońska; Kamil Luczaj (editors)
Beteiligt: ;
Veröffentlicht: Cham, Switzerland : Palgrave Macmillan, [2025]
Umfang: xiii, 223 Seiten : Diagramme
Format: Buch
Sprache: Englisch
RVK-Notation:
Schlagworte:
Andere Ausgaben: Erscheint auch als Online-Ausgabe
ISBN: 9783031861802
Buchumschlag
X
alg: 53478367
001A    $03004:05-11-25 
001B    $03004:17-12-25 $t18:37:38.000 
001D    $03004:12-12-25 
001U    $0utf8 
001X    $00 
002@    $0Aau 
002C    $aText $btxt $2rdacontent 
002D    $aohne Hilfsmittel zu benutzen $bn $2rdamedia 
002E    $aBand $bnc $2rdacarrier 
003@    $0534783678 
004A    $A978-3-031-86180-2 $fFesteinband 
007A    $0BV050490200 $aBVB 
010@    $aeng 
010E    $erda 
011@    $a2025 $n[2025] 
011F    $n© 2025 
013D    $#Beiträge Formschlagwort $#Einzelbeiträge $#Sammelwerk Formschlagwort $74143413-4 $8Aufsatzsammlung [Tsz] $9085562742 
021A    $aAssistance to Ukrainian war refugees in Central Europe (2022-2024) $hMałgorzata Dziekońska; Kamil Luczaj (editors) 
028C    $BHerausgeber $4edt $7 $8Dziekońska, Małgorzata [Tnu] $9540658049 
028C    $BHerausgeber $4edt $71173470212 $8Łuczaj, Kamil$Z1987- [Tp3] $9440048435 
033A    $pCham, Switzerland $nPalgrave Macmillan 
034D    $axiii, 223 Seiten 
034M    $aDiagramme 
039D    $aErscheint auch als $z978-3-031-86181-9 $nOnline-Ausgabe 
044K    $RUkrainische SSR $#Ukraine $#Ukraine $#Ukraine $#Украïна $#Ukrainische SSR $#Ukrajina $#Ukraina $#Ukraïna Ukraine $#Ukraina Ukraine $#Ukrajna $74061496-7 $8Ukraine [Tg1] $9085170801 
044K    $RAngriffskrieg $#Russo-Ukrainian War, 2014- $#Russian Invasion of Ukraine, 2022 $#Guerre du Donbass (Ukraine ; 2014-2022) $#Guerre russo-ukrainienne (2022-....) $#Guerra russo-ucraina <2022- > $#Guerra del Donbass <2014- > $#Ukraine-Krieg $#Krieg in der Ukraine $#Russisch-ukrainischer Konflikt $#Ukrainekonflikt $#Ukraine-Konflikt $#Ukrainekrise $#Ukraine-Krise $#Russischer Überfall auf die Ukraine 2022 $#Krieg im Donbas $#Krieg in der Ost-Ukraine $#Krimkrise $7106969780X $8Russisch-Ukrainischer Krieg [Ts1] $9358075335 
044K    $RSozialarbeit $#Aide aux réfugiés $#Flüchtlingshilfe $74128300-4 $8Flüchtlingshilfe [Ts1] $9085444782 
044K    $RMitteleuropa $RVisegrád-Staaten $ROsteuropa $#Ostmitteleuropa $#Ostmitteleuropa $#Mitteleuropa, Ost $#Central Europe Ostmitteleuropa $#Mittelosteuropa $74075753-5 $8Ostmitteleuropa [Tg1] $9085214485 
044K    $RPolen-Litauen $RKongresspolen $RWestgalizien $RStaat Krakau $#Generalgouvernement Polen $#Polska $#Rzeczpospolita Polska $#Polska Rzeczpospolita Ludowa $#Poland $#Pologne $#République Polonaise $#Generalne Gubernatorstwo w Polsce $#Polish People's Republic $#Polska Rzeczpospolita Polen $#PRL $#RP $#Polen Generalgouvernement $#Polska Generalgouvernement $#Besetzte Polnische Gebiete $#Besetztes Gebiet in Polen $#Okupowane Polskie Obszary $#Obszary Okupowane w Polsce $#Volksrepublik Polen $#Polska Rosyjska $#Republic Polen $#Respublika Pol'ša $#Pol'skaja Narodnaja Respublika $#République de Pologne $#Polen Links der Weichsel $#Polska po Lewej Stronie Wisły $#Lenkija $#Polija $#Gubernija Carstva Pol'skago $#Republik Polen $74046496-9 $8Polen [Tg1] $9085129801 
044K    $RBöhmische Länder $RČeská SR $RTschechoslowakei $#Tschechien $#Tschechische Republik $#Tschechien $#Tschechische Republik $#Tschechenland $#Tschechei Tschechien $#Česká Republika $#Czech Republic $#ČR $74303381-7 $8Tschechien [Tg1] $9086659812 
044K    $RTschechoslowakei $RTschechoslowakei $#Slowakei $#Slowakei $#Slowakei $#Slowakische Republik (1938-1945) $#Slowakische Republik $#Oberungarn $#Slovensko $#Slovenská Republika $#Slovenská SR $#SSR $#Slovakia $#Slovaquie $#Slovak Republic $#République Slovaque $#Slovenská Socialistická Republika $#Slowakische Sozialistische Republik $#Slovak Socialist Republic $#République Socialiste Slovaque $74055297-4 $8Slowakei [Tg1] $9085153834 
044K    $REingliederung $#Absorption $#Intégration $#integration $#Integration $#Integration $#Integration $74027238-2 $8Integration [Ts1] $9085069124 
044K    $RSozialstaat $#Social policy $#Politique sociale $#Política social $#social policies $#Sozialpolitik $#Gesellschaftspolitik $#Sozialpolitik $#Gesellschaftspolitik $#Sozialpolitik $#Gesellschaftspolitik $#Wohlfahrtspolitik $74055879-4 $8Sozialpolitik [Ts1] $9085155705 
044K    $RGruppe $#Minorities $#Minorités $#Minderheit $#Minderheit $#Minderheit $#Minderheitsgruppe $#Minorität $#Minoritätsgruppe $74752223-9 $8Minderheit [Ts1] $9114439052 
045F    $a305.8009437090513 $eDDC23BSB 
045F/01 $a305.8009 
045F/03 $f090513 
045F/03 $g437 
045F/03 $g477 
045R    $aGeschichte 2022-2024 
045R/01 $aSozialgeschichte 2022-2024 
045T    $aOST $qDE-12 $2FID 
045Z    $8MG 80925 [Tkv] $9492072590 
045Z    $8MG 11925 [Tkv] $9492072175 
045Z    $8MS 3600 [Tkv] $9410834092 
045Z    $8ME 3350 [Tkv] $9410448982 

lok: 53478367 24

exp: 53478367 24 1 #EPN
201B/01 $012-12-25 $t13:58:45.000 
201C/01 $005-11-25 
201U/01 $0utf8 
203@/01 $01321481748 
208@/01 $a12-12-25 $bz 
209A/01 $a25.06850 $du $f050 $h25 06850 $x00 
209C/01 $a25.06850 K $h25 06850 K 
209G/01 $a74964087 $x00 
220C/01 $abar/jwa 
247C/01 $8358050-7 Marburg, Bibliothek des Herder-Instituts Marburg $9102600961
LEADER 00000cam a2200000 c 4500
001 534783678
003 DE-603
005 20251217183738.0
007 tu
008 251105s2025 xx |||| | u00||u|eng c
020 |a 9783031861802  |c Festeinband 
035 |a (DE-599)BVBBV050490200 
040 |a DE-603  |b ger  |c DE-603  |d DE-603  |e rda 
041 |a eng 
082 0 4 |8 1\u  |a 305.8009437090513  |q DE-101  |2 23/BSB 
084 |a OST  |q DE-12  |2 fid 
084 |a MG 80925  |0 (DE-625)122863:14266  |0 (DE-603)492072590  |2 rvk 
084 |a MG 11925  |0 (DE-625)122817:14266  |0 (DE-603)492072175  |2 rvk 
084 |a MS 3600  |0 (DE-625)123685:  |0 (DE-603)410834092  |2 rvk 
084 |a ME 3350  |0 (DE-625)122598:  |0 (DE-603)410448982  |2 rvk 
085 |8 1\u  |b 305.8009 
085 |8 1\u  |z 1  |s 090513 
085 |8 1\u  |z 2  |s 437 
085 |8 1\u  |z 2  |s 477 
245 0 0 |a Assistance to Ukrainian war refugees in Central Europe (2022-2024)  |c Małgorzata Dziekońska; Kamil Luczaj (editors) 
264 1 |a Cham, Switzerland  |b Palgrave Macmillan  |c [2025] 
264 4 |c © 2025 
300 |a xiii, 223 Seiten  |b Diagramme 
336 |a Text  |b txt  |2 rdacontent 
337 |a ohne Hilfsmittel zu benutzen  |b n  |2 rdamedia 
338 |a Band  |b nc  |2 rdacarrier 
648 7 |a Geschichte 2022-2024  |2 gnd 
648 7 |a Sozialgeschichte 2022-2024  |2 gnd 
650 7 |a Russisch-Ukrainischer Krieg  |0 (DE-588)106969780X  |0 (DE-603)358075335  |2 gnd 
650 7 |a Flüchtlingshilfe  |0 (DE-588)4128300-4  |0 (DE-603)085444782  |2 gnd 
650 7 |a Integration  |0 (DE-588)4027238-2  |0 (DE-603)085069124  |2 gnd 
650 7 |a Sozialpolitik  |0 (DE-588)4055879-4  |0 (DE-603)085155705  |2 gnd 
650 7 |a Minderheit  |0 (DE-588)4752223-9  |0 (DE-603)114439052  |2 gnd 
651 7 |a Ukraine  |0 (DE-588)4061496-7  |0 (DE-603)085170801  |2 gnd 
651 7 |a Ostmitteleuropa  |0 (DE-588)4075753-5  |0 (DE-603)085214485  |2 gnd 
651 7 |a Polen  |0 (DE-588)4046496-9  |0 (DE-603)085129801  |2 gnd 
651 7 |a Tschechien  |0 (DE-588)4303381-7  |0 (DE-603)086659812  |2 gnd 
651 7 |a Slowakei  |0 (DE-588)4055297-4  |0 (DE-603)085153834  |2 gnd 
655 7 |a Aufsatzsammlung  |2 gnd-content  |0 (DE-588)4143413-4  |0 (DE-603)085562742 
700 1 |a Dziekońska, Małgorzata  |e Herausgeber  |4 edt  |0 (DE-603)540658049 
700 1 |a Łuczaj, Kamil  |d 1987-  |e Herausgeber  |4 edt  |0 (DE-603)440048435  |0 (DE-588)1173470212  |2 gnd 
776 0 8 |i Erscheint auch als  |n Online-Ausgabe  |z 9783031861819 
924 0 |9 Mb 50  |a (DE-603)1321481748  |b DE-Mb50  |c HES  |d c  |g 25.06850